Auto jeseň '99

Mimoriadna sekcia Trendu. Trend testy osobných automobilov. Technická kontrola. Štatistické zistenia nemeckých technických skúšobní. Technické parametre. Ochrana vozidiel. Obytné a terénne vozidlá. Adresár leasingových spoločností, ktoré sa na Slovensku zaoberajú leasingom automobilov. Ceny osobných...

Ausführliche Beschreibung

Gespeichert in:
Bibliographische Detailangaben
Format: Buchkapitel
Sprache:Slowakisch
Schlagworte:
Tags: Tag hinzufügen
Keine Tags, Fügen Sie das erste Tag hinzu!

MARC

LEADER 00000naa a2200000 4500
001 r036005
005 20230921103706.8
041 0 |a slo 
044 |a SK 
245 1 0 |a Auto jeseň '99 
520 |a Mimoriadna sekcia Trendu. Trend testy osobných automobilov. Technická kontrola. Štatistické zistenia nemeckých technických skúšobní. Technické parametre. Ochrana vozidiel. Obytné a terénne vozidlá. Adresár leasingových spoločností, ktoré sa na Slovensku zaoberajú leasingom automobilov. Ceny osobných automobilov na slovenskom trhu v auguste 1999. 
610 2 0 |a automobilizmus 
610 2 0 |a automobily 
610 2 0 |a testy 
610 2 0 |a parametre technické 
610 2 0 |a adresáre 
610 2 0 |a lízing 
610 2 0 |a spoločnosti lízingové 
610 2 0 |a ceny 
610 2 0 |a Slovensko